[Event "April 9 Early 2024"]
[Site "Chess.com"]
[Date "2024.04.10"]
[Round "11"]
[White "Emeliantsev, Anatoliy"]
[Black "Nusrat Jahan, Alo"]
[Result "1-0"]
[Board "164"]
[WhiteFideId "4160681"]
[BlackFideId "10226826"]
[WhiteTitle "FM"]
[BlackTitle "WCM"]
[WhiteElo "2240"]
[BlackElo "1903"]
[WhiteTeam "RUS"]
[BlackTeam "BAN"]
[WhiteClock "0:00:55"]
[BlackClock "0:01:00"]
[Variant "Standard"]

1. d4 {[%clk 0:02:53]}  d5 {[%clk 0:03:00]} 2. c4 {[%clk 0:02:50]}  c6 {[%clk 0:02:59]} 3. Nf3 {[%clk 0:02:49]}  Nf6 {[%clk 0:02:59]} 4. Nc3 {[%clk 0:02:50]}  dxc4 {[%clk 0:03:00]} 5. a4 {[%clk 0:02:48]}  Bf5 {[%clk 0:03:00]} 6. e3 {[%clk 0:02:48]}  e6 {[%clk 0:03:00]} 7. Bxc4 {[%clk 0:02:48]}  Bd6 {[%clk 0:02:56]} 8. O-O {[%clk 0:02:49]}  Nbd7 {[%clk 0:02:56]} 9. e4 {[%clk 0:02:40]}  Nxe4 {[%clk 0:02:48]} 10. Nxe4 {[%clk 0:02:29]}  Bxe4 {[%clk 0:02:49]} 11. Ng5 {[%clk 0:02:26]}  Bd5 {[%clk 0:02:13]} 12. Bxd5 {[%clk 0:02:10]}  cxd5 {[%clk 0:02:11]} 13. Qh5 {[%clk 0:01:56]}  Qf6 {[%clk 0:02:08]} 14. Re1 {[%clk 0:01:47]}  g6 {[%clk 0:01:50]} 15. Qh3 {[%clk 0:01:15]}  Be7 {[%clk 0:01:24]} 16. Nxe6 {[%clk 0:01:04]}  fxe6 {[%clk 0:01:19]} 17. Rxe6 {[%clk 0:01:04]}  Qf5 {[%clk 0:01:19]} 18. Qxf5 {[%clk 0:00:58]}  gxf5 {[%clk 0:01:16]} 19. Bg5 {[%clk 0:00:58]}  Nb6 {[%clk 0:01:06]} 20. Rxe7+ {[%clk 0:00:57]}  Kf8 {[%clk 0:01:03]} 21. Rae1 {[%clk 0:00:55]}  Rg8 {[%clk 0:01:00]} 22. Bh6+ {[%clk 0:00:55]} 1-0

[Event "April 9 Early 2024"]
[Site "Chess.com"]
[Date "2024.04.09"]
[Round "11"]
[White "Mikhailova, Irina"]
[Black "Subramanian, Anusha"]
[Result "1-0"]
[Board "165"]
[WhiteFideId "4109040"]
[BlackFideId "477710"]
[WhiteTitle "WGM"]
[BlackTitle "WCM"]
[WhiteElo "2303"]
[BlackElo "2202"]
[WhiteTeam "RUS"]
[BlackTeam "ENG"]
[WhiteClock "0:00:29"]
[BlackClock "0:00:35"]
[Variant "Standard"]

1. d4 {[%clk 0:03:00]}  Nf6 {[%clk 0:02:58]} 2. Nf3 {[%clk 0:03:01]}  d5 {[%clk 0:02:57]} 3. c4 {[%clk 0:03:01]}  c6 {[%clk 0:02:57]} 4. cxd5 {[%clk 0:03:01]}  cxd5 {[%clk 0:02:57]} 5. Nc3 {[%clk 0:03:02]}  Nc6 {[%clk 0:02:57]} 6. Bf4 {[%clk 0:03:02]}  a6 {[%clk 0:02:57]} 7. Rc1 {[%clk 0:03:02]}  e6 {[%clk 0:02:56]} 8. e3 {[%clk 0:03:02]}  Bd6 {[%clk 0:02:56]} 9. Bg3 {[%clk 0:03:02]}  O-O {[%clk 0:02:56]} 10. Bd3 {[%clk 0:03:02]}  Qe7 {[%clk 0:02:52]} 11. Qe2 {[%clk 0:03:02]}  e5 {[%clk 0:02:48]} 12. dxe5 {[%clk 0:02:59]}  Nxe5 {[%clk 0:02:48]} 13. Nd4 {[%clk 0:02:59]}  Nxd3+ {[%clk 0:02:47]} 14. Qxd3 {[%clk 0:02:59]}  Be6 {[%clk 0:02:28]} 15. Bh4 {[%clk 0:02:29]}  b5 {[%clk 0:01:59]} 16. Nf5 {[%clk 0:02:10]}  Bxf5 {[%clk 0:01:54]} 17. Qxf5 {[%clk 0:02:11]}  Be5 {[%clk 0:01:38]} 18. Nxd5 {[%clk 0:01:50]}  Qe6 {[%clk 0:01:37]} 19. Qxe6 {[%clk 0:01:40]}  fxe6 {[%clk 0:01:38]} 20. Nxf6+ {[%clk 0:01:30]}  gxf6 {[%clk 0:01:36]} 21. b3 {[%clk 0:01:30]}  Rfc8 {[%clk 0:01:33]} 22. Ke2 {[%clk 0:01:30]}  Kf7 {[%clk 0:01:30]} 23. Bg3 {[%clk 0:01:29]}  Bb2 {[%clk 0:01:23]} 24. Rxc8 {[%clk 0:01:27]}  Rxc8 {[%clk 0:01:23]} 25. Rd1 {[%clk 0:01:28]}  Rc2+ {[%clk 0:01:18]} 26. Rd2 {[%clk 0:01:28]}  Rxd2+ {[%clk 0:01:18]} 27. Kxd2 {[%clk 0:01:29]}  Ke7 {[%clk 0:01:18]} 28. Kd3 {[%clk 0:01:28]}  Ba3 {[%clk 0:01:17]} 29. f3 {[%clk 0:01:26]}  e5 {[%clk 0:01:15]} 30. Bh4 {[%clk 0:01:20]}  Ke6 {[%clk 0:01:14]} 31. g4 {[%clk 0:01:20]}  Bd6 {[%clk 0:01:11]} 32. Ke4 {[%clk 0:01:19]}  Bc5 {[%clk 0:01:09]} 33. Be1 {[%clk 0:01:15]}  Bb6 {[%clk 0:01:07]} 34. h4 {[%clk 0:01:12]}  Bc7 {[%clk 0:01:03]} 35. f4 {[%clk 0:01:04]}  Bd6 {[%clk 0:00:55]} 36. Bc3 {[%clk 0:01:01]}  Bc5 {[%clk 0:00:49]} 37. fxe5 {[%clk 0:00:58]}  fxe5 {[%clk 0:00:48]} 38. Bxe5 {[%clk 0:00:58]}  a5 {[%clk 0:00:45]} 39. Bd4 {[%clk 0:00:53]}  Bd6 {[%clk 0:00:44]} 40. a4 {[%clk 0:00:52]}  bxa4 {[%clk 0:00:39]} 41. bxa4 {[%clk 0:00:52]}  Bc7 {[%clk 0:00:40]} 42. Bc3 {[%clk 0:00:41]}  Bd8 {[%clk 0:00:38]} 43. g5 {[%clk 0:00:41]}  Bc7 {[%clk 0:00:35]} 44. h5 {[%clk 0:00:41]}  Bd8 {[%clk 0:00:34]} 45. g6 {[%clk 0:00:41]}  hxg6 {[%clk 0:00:33]} 46. h6 {[%clk 0:00:24]}  Bf6 {[%clk 0:00:32]} 47. Bxf6 {[%clk 0:00:23]}  Kxf6 {[%clk 0:00:33]} 48. Kf4 {[%clk 0:00:22]}  g5+ {[%clk 0:00:30]} 49. Kg4 {[%clk 0:00:23]}  Kg6 {[%clk 0:00:31]} 50. h7 {[%clk 0:00:23]}  Kxh7 {[%clk 0:00:31]} 51. Kxg5 {[%clk 0:00:24]}  Kg7 {[%clk 0:00:31]} 52. Kf5 {[%clk 0:00:24]}  Kf7 {[%clk 0:00:32]} 53. Ke5 {[%clk 0:00:25]}  Ke7 {[%clk 0:00:32]} 54. Kd5 {[%clk 0:00:25]}  Kd7 {[%clk 0:00:31]} 55. Kc5 {[%clk 0:00:25]}  Ke6 {[%clk 0:00:30]} 56. Kb5 {[%clk 0:00:25]}  Ke5 {[%clk 0:00:28]} 57. Kxa5 {[%clk 0:00:25]}  Ke4 {[%clk 0:00:28]} 58. Kb6 {[%clk 0:00:26]}  Kxe3 {[%clk 0:00:29]} 59. a5 {[%clk 0:00:26]}  Kd4 {[%clk 0:00:30]} 60. a6 {[%clk 0:00:27]}  Kd5 {[%clk 0:00:31]} 61. a7 {[%clk 0:00:28]}  Kd4 {[%clk 0:00:32]} 62. a8=Q {[%clk 0:00:28]}  Kc3 {[%clk 0:00:31]} 63. Qe4 {[%clk 0:00:27]}  Kd2 {[%clk 0:00:31]} 64. Qf3 {[%clk 0:00:27]}  Ke1 {[%clk 0:00:32]} 65. Qg2 {[%clk 0:00:27]}  Kd1 {[%clk 0:00:32]} 66. Qb2 {[%clk 0:00:26]}  Ke1 {[%clk 0:00:31]} 67. Qc2 {[%clk 0:00:26]}  Kf1 {[%clk 0:00:31]} 68. Qd2 {[%clk 0:00:27]}  Kg1 {[%clk 0:00:31]} 69. Qe2 {[%clk 0:00:26]}  Kh1 {[%clk 0:00:32]} 70. Kc5 {[%clk 0:00:27]}  Kg1 {[%clk 0:00:33]} 71. Kd4 {[%clk 0:00:28]}  Kh1 {[%clk 0:00:33]} 72. Ke3 {[%clk 0:00:28]}  Kg1 {[%clk 0:00:34]} 73. Kf3 {[%clk 0:00:29]}  Kh1 {[%clk 0:00:35]} 74. Qg2# {[%clk 0:00:29]} 1-0

[Event "April 9 Early 2024"]
[Site "Chess.com"]
[Date "2024.04.09"]
[Round "11"]
[White "Ilimbek Esenbek Uulu"]
[Black "Tarnowska, Aleksandra"]
[Result "1-0"]
[Board "170"]
[WhiteFideId "13800680"]
[BlackFideId "1180967"]
[BlackTitle "WCM"]
[WhiteElo "2190"]
[BlackElo "2128"]
[WhiteTeam "KGZ"]
[BlackTeam "POL"]
[WhiteClock "0:00:46"]
[BlackClock "0:00:08"]
[Variant "Standard"]

1. d4 {[%clk 0:03:00]}  d5 {[%clk 0:02:53]} 2. c4 {[%clk 0:03:01]}  e6 {[%clk 0:02:53]} 3. Nc3 {[%clk 0:03:01]}  Nf6 {[%clk 0:02:52]} 4. Nf3 {[%clk 0:03:01]}  Be7 {[%clk 0:02:49]} 5. g3 {[%clk 0:03:01]}  O-O {[%clk 0:02:49]} 6. Bg2 {[%clk 0:03:01]}  b6 {[%clk 0:02:49]} 7. O-O {[%clk 0:03:01]}  Bb7 {[%clk 0:02:50]} 8. Ne5 {[%clk 0:03:02]}  Nbd7 {[%clk 0:02:47]} 9. cxd5 {[%clk 0:03:01]}  exd5 {[%clk 0:02:42]} 10. Qa4 {[%clk 0:03:01]}  c6 {[%clk 0:02:03]} 11. Nxc6 {[%clk 0:02:57]}  Bxc6 {[%clk 0:01:57]} 12. Qxc6 {[%clk 0:02:58]}  Rc8 {[%clk 0:01:56]} 13. Qa4 {[%clk 0:02:55]}  Rc4 {[%clk 0:01:50]} 14. Qxa7 {[%clk 0:02:51]}  Rxd4 {[%clk 0:01:21]} 15. Be3 {[%clk 0:02:47]}  Rb4 {[%clk 0:01:19]} 16. Nxd5 {[%clk 0:02:05]}  Nxd5 {[%clk 0:01:07]} 17. Bxd5 {[%clk 0:02:05]}  Rxb2 {[%clk 0:01:08]} 18. Bf3 {[%clk 0:02:01]}  Ne5 {[%clk 0:00:52]} 19. Rfd1 {[%clk 0:02:01]}  Nxf3+ {[%clk 0:00:52]} 20. exf3 {[%clk 0:02:02]}  Qe8 {[%clk 0:00:49]} 21. Bxb6 {[%clk 0:01:55]}  Qb5 {[%clk 0:00:39]} 22. Bd4 {[%clk 0:01:46]}  Re2 {[%clk 0:00:37]} 23. a4 {[%clk 0:01:38]}  Qf5 {[%clk 0:00:35]} 24. Kg2 {[%clk 0:01:29]}  Bg5 {[%clk 0:00:25]} 25. Qc5 {[%clk 0:01:21]}  Qg6 {[%clk 0:00:22]} 26. a5 {[%clk 0:00:58]}  Be7 {[%clk 0:00:20]} 27. Qc4 {[%clk 0:00:52]}  Rc2 {[%clk 0:00:19]} 28. Qd3 {[%clk 0:00:51]}  Qc6 {[%clk 0:00:18]} 29. a6 {[%clk 0:00:48]}  Bc5 {[%clk 0:00:08]} 30. Qxc2 {[%clk 0:00:46]} 1-0

[Event "April 9 Early 2024"]
[Site "Chess.com"]
[Date "2024.04.09"]
[Round "11"]
[White "Valtiner, Adamo"]
[Black "Winkels, Marcel"]
[Result "1-0"]
[Board "171"]
[WhiteFideId "1647962"]
[BlackFideId "1003887"]
[WhiteTitle "CM"]
[BlackTitle "CM"]
[WhiteElo "2164"]
[BlackElo "2044"]
[WhiteTeam "AUT"]
[BlackTeam "NED"]
[WhiteClock "0:01:17"]
[BlackClock "0:00:20"]
[Variant "Standard"]

1. c4 {[%clk 0:03:00]}  e5 {[%clk 0:02:58]} 2. Nc3 {[%clk 0:03:01]}  Nc6 {[%clk 0:02:58]} 3. e4 {[%clk 0:03:02]}  Bc5 {[%clk 0:02:55]} 4. g3 {[%clk 0:03:03]}  Qf6 {[%clk 0:02:53]} 5. Nf3 {[%clk 0:02:55]}  d6 {[%clk 0:02:53]} 6. Bg2 {[%clk 0:02:55]}  Nd4 {[%clk 0:02:49]} 7. Nxd4 {[%clk 0:02:54]}  Bxd4 {[%clk 0:02:46]} 8. O-O {[%clk 0:02:53]}  Ne7 {[%clk 0:02:43]} 9. Nb5 {[%clk 0:02:49]}  Bb6 {[%clk 0:02:41]} 10. d3 {[%clk 0:02:40]}  c6 {[%clk 0:02:31]} 11. Nc3 {[%clk 0:02:38]}  h5 {[%clk 0:02:30]} 12. Be3 {[%clk 0:02:38]}  h4 {[%clk 0:02:18]} 13. Bxb6 {[%clk 0:02:32]}  axb6 {[%clk 0:02:14]} 14. Qf3 {[%clk 0:02:32]}  Qg6 {[%clk 0:02:06]} 15. a4 {[%clk 0:02:26]}  Bg4 {[%clk 0:02:02]} 16. Qe3 {[%clk 0:02:25]}  h3 {[%clk 0:01:43]} 17. Bf3 {[%clk 0:02:22]}  O-O {[%clk 0:01:43]} 18. Bxg4 {[%clk 0:02:22]}  Qxg4 {[%clk 0:01:42]} 19. f3 {[%clk 0:02:23]}  Qg6 {[%clk 0:01:41]} 20. f4 {[%clk 0:02:23]}  c5 {[%clk 0:01:30]} 21. f5 {[%clk 0:02:20]}  Qf6 {[%clk 0:01:27]} 22. g4 {[%clk 0:02:19]}  Qh4 {[%clk 0:01:26]} 23. Qg3 {[%clk 0:02:15]}  Qg5 {[%clk 0:01:12]} 24. Qxh3 {[%clk 0:02:13]}  Nc6 {[%clk 0:01:08]} 25. Qg3 {[%clk 0:02:13]}  Nd4 {[%clk 0:01:04]} 26. h4 {[%clk 0:02:13]}  Qd2 {[%clk 0:01:03]} 27. Rf2 {[%clk 0:02:10]}  Qh6 {[%clk 0:00:55]} 28. g5 {[%clk 0:02:09]}  Qh5 {[%clk 0:00:55]} 29. Raf1 {[%clk 0:02:06]}  g6 {[%clk 0:00:49]} 30. fxg6 {[%clk 0:02:05]}  fxg6 {[%clk 0:00:47]} 31. Nd5 {[%clk 0:02:04]}  Ne2+ {[%clk 0:00:43]} 32. Rxe2 {[%clk 0:02:01]}  Qxe2 {[%clk 0:00:43]} 33. Nf6+ {[%clk 0:01:56]}  Kg7 {[%clk 0:00:35]} 34. Rf2 {[%clk 0:01:57]}  Qd1+ {[%clk 0:00:32]} 35. Kg2 {[%clk 0:01:56]}  Rxa4 {[%clk 0:00:28]} 36. h5 {[%clk 0:01:56]}  Ra1 {[%clk 0:00:27]} 37. Qh2 {[%clk 0:01:49]}  Qxd3 {[%clk 0:00:23]} 38. hxg6 {[%clk 0:01:43]}  Rh8 {[%clk 0:00:22]} 39. Ne8+ {[%clk 0:01:25]}  Kg8 {[%clk 0:00:20]} 40. Qxh8+ {[%clk 0:01:17]}  Kxh8 {[%clk 0:00:20]} 41. Rf8# {[%clk 0:01:17]} 1-0

[Event "April 9 Early 2024"]
[Site "Chess.com"]
[Date "2024.04.10"]
[Round "11"]
[White "Mena, Martin"]
[Black "Schirmbeck, Lilian"]
[Result "1-0"]
[Board "172"]
[WhiteFideId "10651225"]
[BlackFideId "34620532"]
[WhiteTitle "FM"]
[BlackTitle "WCM"]
[WhiteElo "2133"]
[BlackElo "1649"]
[WhiteTeam "EGY"]
[BlackTeam "GER"]
[WhiteClock "0:00:42"]
[BlackClock "0:01:25"]
[Variant "Standard"]

1. c4 {[%clk 0:02:46]}  c5 {[%clk 0:02:57]} 2. g3 {[%clk 0:02:42]}  Nc6 {[%clk 0:02:57]} 3. Bg2 {[%clk 0:02:40]}  g6 {[%clk 0:02:57]} 4. Nc3 {[%clk 0:02:38]}  Bg7 {[%clk 0:02:58]} 5. e4 {[%clk 0:02:30]}  Nf6 {[%clk 0:02:55]} 6. Nge2 {[%clk 0:02:29]}  O-O {[%clk 0:02:53]} 7. O-O {[%clk 0:02:25]}  d6 {[%clk 0:02:51]} 8. d3 {[%clk 0:02:23]}  a6 {[%clk 0:02:49]} 9. h3 {[%clk 0:02:17]}  Bd7 {[%clk 0:02:48]} 10. Bg5 {[%clk 0:02:15]}  Rb8 {[%clk 0:02:43]} 11. Qd2 {[%clk 0:02:11]}  b5 {[%clk 0:02:39]} 12. Bh6 {[%clk 0:02:11]}  bxc4 {[%clk 0:02:35]} 13. Bxg7 {[%clk 0:02:06]}  Kxg7 {[%clk 0:02:32]} 14. dxc4 {[%clk 0:02:05]}  Qb6 {[%clk 0:02:30]} 15. b3 {[%clk 0:02:02]}  Rfc8 {[%clk 0:02:21]} 16. Nd5 {[%clk 0:01:46]}  Nxd5 {[%clk 0:02:10]} 17. exd5 {[%clk 0:01:47]}  Na7 {[%clk 0:02:01]} 18. f4 {[%clk 0:01:36]}  a5 {[%clk 0:01:56]} 19. f5 {[%clk 0:01:36]}  Bxf5 {[%clk 0:01:53]} 20. Qf4 {[%clk 0:01:34]}  e5 {[%clk 0:01:38]} 21. dxe6 {[%clk 0:01:24]}  Bxe6 {[%clk 0:01:39]} 22. Rad1 {[%clk 0:01:18]}  Bf5 {[%clk 0:01:40]} 23. Rxd6 {[%clk 0:01:14]}  Be6 {[%clk 0:01:41]} 24. Rxb6 {[%clk 0:00:59]}  Rxb6 {[%clk 0:01:37]} 25. Qf6+ {[%clk 0:00:55]}  Kg8 {[%clk 0:01:34]} 26. Bd5 {[%clk 0:00:50]}  Rd6 {[%clk 0:01:35]} 27. Bxe6 {[%clk 0:00:45]}  Rxe6 {[%clk 0:01:33]} 28. Qxf7+ {[%clk 0:00:45]}  Kh8 {[%clk 0:01:32]} 29. Qxe6 {[%clk 0:00:46]}  Rf8 {[%clk 0:01:25]} 30. Rxf8+ {[%clk 0:00:42]} 1-0

[Event "April 9 Early 2024"]
[Site "Chess.com"]
[Date "2024.04.10"]
[Round "11"]
[White "Bezerra, Natacio Goncalves"]
[Black "Al-Blooshi, Hamad Essa"]
[Result "0-1"]
[Board "173"]
[WhiteFideId "2134314"]
[BlackFideId "9314881"]
[BlackTitle "CM"]
[WhiteElo "2012"]
[BlackElo "2171"]
[WhiteTeam "BRA"]
[BlackTeam "UAE"]
[WhiteClock "0:00:14"]
[BlackClock "0:00:02"]
[Variant "Standard"]

1. e4 {[%clk 0:03:00]}  e5 {[%clk 0:02:58]} 2. Nf3 {[%clk 0:03:00]}  Nc6 {[%clk 0:02:58]} 3. Bc4 {[%clk 0:03:00]}  Bc5 {[%clk 0:02:57]} 4. d3 {[%clk 0:02:59]}  Nf6 {[%clk 0:02:56]} 5. O-O {[%clk 0:02:58]}  d6 {[%clk 0:02:52]} 6. c3 {[%clk 0:02:56]}  a5 {[%clk 0:02:52]} 7. Re1 {[%clk 0:02:53]}  O-O {[%clk 0:02:47]} 8. Bg5 {[%clk 0:02:51]}  Be6 {[%clk 0:02:39]} 9. Bb5 {[%clk 0:02:48]}  Ne7 {[%clk 0:02:03]} 10. Bxf6 {[%clk 0:02:47]}  gxf6 {[%clk 0:02:03]} 11. Ba4 {[%clk 0:02:45]}  Kh8 {[%clk 0:02:00]} 12. d4 {[%clk 0:02:44]}  Ba7 {[%clk 0:01:52]} 13. Nbd2 {[%clk 0:02:34]}  Rg8 {[%clk 0:01:50]} 14. Kh1 {[%clk 0:02:33]}  Ng6 {[%clk 0:01:42]} 15. Nf1 {[%clk 0:02:31]}  Nf4 {[%clk 0:01:33]} 16. Ng3 {[%clk 0:02:30]}  Qf8 {[%clk 0:01:17]} 17. Bb5 {[%clk 0:01:55]}  h5 {[%clk 0:01:13]} 18. Bf1 {[%clk 0:01:54]}  Qh6 {[%clk 0:01:10]} 19. Nh4 {[%clk 0:01:51]}  Qh7 {[%clk 0:00:41]} 20. Ngf5 {[%clk 0:01:50]}  Bxf5 {[%clk 0:00:39]} 21. Nxf5 {[%clk 0:01:50]}  h4 {[%clk 0:00:36]} 22. g3 {[%clk 0:01:46]}  hxg3 {[%clk 0:00:35]} 23. fxg3 {[%clk 0:01:46]}  Nh5 {[%clk 0:00:34]} 24. Kg2 {[%clk 0:01:37]}  Rg5 {[%clk 0:00:30]} 25. Be2 {[%clk 0:01:36]}  Nf4+ {[%clk 0:00:27]} 26. Kh1 {[%clk 0:01:30]}  Qh3 {[%clk 0:00:12]} 27. Bf3 {[%clk 0:01:19]}  Ng6 {[%clk 0:00:08]} 28. Qe2 {[%clk 0:01:12]}  Rg8 {[%clk 0:00:08]} 29. Qg2 {[%clk 0:01:08]}  Qh7 {[%clk 0:00:07]} 30. Qe2 {[%clk 0:00:45]}  Nf8 {[%clk 0:00:03]} 31. Rg1 {[%clk 0:00:36]}  Ne6 {[%clk 0:00:03]} 32. Rg2 {[%clk 0:00:27]}  exd4 {[%clk 0:00:03]} 33. cxd4 {[%clk 0:00:27]}  Nxd4 {[%clk 0:00:03]} 34. Nxd4 {[%clk 0:00:27]}  Bxd4 {[%clk 0:00:03]} 35. Qd3 {[%clk 0:00:25]}  Be5 {[%clk 0:00:04]} 36. Kg1 {[%clk 0:00:23]}  Qg7 {[%clk 0:00:02]} 37. Rc1 {[%clk 0:00:21]}  Qh6 {[%clk 0:00:02]} 38. Rxc7 {[%clk 0:00:21]}  d5 {[%clk 0:00:03]} 39. exd5 {[%clk 0:00:20]}  Bxc7 {[%clk 0:00:02]} 40. d6 {[%clk 0:00:21]}  Bb6+ {[%clk 0:00:03]} 41. Kf1 {[%clk 0:00:19]}  Re5 {[%clk 0:00:03]} 42. d7 {[%clk 0:00:19]}  Qc1+ {[%clk 0:00:03]} 43. Bd1 {[%clk 0:00:18]}  Rd8 {[%clk 0:00:01]} 44. Rf2 {[%clk 0:00:16]}  Qc5 {[%clk 0:00:02]} 45. Rf4 {[%clk 0:00:14]}  Qg1# {[%clk 0:00:02]} 0-1

[Event "April 9 Early 2024"]
[Site "Chess.com"]
[Date "2024.04.09"]
[Round "11"]
[White "Roberts, Tallulah"]
[Black "Huayhuas Robles, Laura Sofia"]
[Result "1/2-1/2"]
[Board "175"]
[WhiteFideId "15600572"]
[BlackFideId "3836517"]
[WhiteTitle "WCM"]
[BlackTitle "WCM"]
[WhiteElo "1550"]
[BlackElo "1801"]
[WhiteTeam "JCI"]
[BlackTeam "PER"]
[WhiteClock "0:00:06"]
[BlackClock "0:00:03"]
[Variant "Standard"]

1. e4 {[%clk 0:03:00]}  c5 {[%clk 0:03:00]} 2. d4 {[%clk 0:02:59]}  cxd4 {[%clk 0:02:58]} 3. c3 {[%clk 0:02:59]}  dxc3 {[%clk 0:02:57]} 4. Nxc3 {[%clk 0:03:00]}  d6 {[%clk 0:02:54]} 5. Nf3 {[%clk 0:03:00]}  Bd7 {[%clk 0:02:48]} 6. Bc4 {[%clk 0:03:00]}  e6 {[%clk 0:02:48]} 7. O-O {[%clk 0:02:59]}  Be7 {[%clk 0:02:46]} 8. Qe2 {[%clk 0:02:56]}  Nf6 {[%clk 0:02:45]} 9. e5 {[%clk 0:02:40]}  dxe5 {[%clk 0:02:38]} 10. Nxe5 {[%clk 0:02:38]}  Nc6 {[%clk 0:02:13]} 11. Nxd7 {[%clk 0:02:33]}  Qxd7 {[%clk 0:02:13]} 12. Rd1 {[%clk 0:02:33]}  Qc8 {[%clk 0:02:09]} 13. Bf4 {[%clk 0:02:29]}  O-O {[%clk 0:02:00]} 14. Rac1 {[%clk 0:02:23]}  Rd8 {[%clk 0:01:57]} 15. Rxd8+ {[%clk 0:02:08]}  Qxd8 {[%clk 0:01:58]} 16. Nb5 {[%clk 0:02:05]}  Rc8 {[%clk 0:01:40]} 17. Rd1 {[%clk 0:01:58]}  Qa5 {[%clk 0:01:34]} 18. Nc3 {[%clk 0:01:48]}  Rd8 {[%clk 0:01:18]} 19. h3 {[%clk 0:01:45]}  Bb4 {[%clk 0:01:08]} 20. Rxd8+ {[%clk 0:01:38]}  Qxd8 {[%clk 0:01:08]} 21. Nb5 {[%clk 0:01:26]}  a6 {[%clk 0:01:00]} 22. Nc3 {[%clk 0:00:58]}  Qd4 {[%clk 0:00:58]} 23. Be3 {[%clk 0:00:47]}  Qd6 {[%clk 0:00:57]} 24. Qd1 {[%clk 0:00:26]}  h6 {[%clk 0:00:49]} 25. a3 {[%clk 0:00:17]}  Qxd1+ {[%clk 0:00:43]} 26. Nxd1 {[%clk 0:00:17]}  Ba5 {[%clk 0:00:36]} 27. b4 {[%clk 0:00:17]}  Bc7 {[%clk 0:00:34]} 28. Nc3 {[%clk 0:00:16]}  Ne5 {[%clk 0:00:30]} 29. Be2 {[%clk 0:00:15]}  Ned7 {[%clk 0:00:23]} 30. Na4 {[%clk 0:00:15]}  Kf8 {[%clk 0:00:22]} 31. Nc5 {[%clk 0:00:14]}  Nxc5 {[%clk 0:00:19]} 32. Bxc5+ {[%clk 0:00:15]}  Ke8 {[%clk 0:00:19]} 33. Bf3 {[%clk 0:00:14]}  Nd5 {[%clk 0:00:13]} 34. g4 {[%clk 0:00:11]}  Kd7 {[%clk 0:00:13]} 35. Kf1 {[%clk 0:00:11]}  Be5 {[%clk 0:00:12]} 36. Ke2 {[%clk 0:00:10]}  Bb2 {[%clk 0:00:11]} 37. a4 {[%clk 0:00:09]}  Nc3+ {[%clk 0:00:11]} 38. Kd3 {[%clk 0:00:09]}  Nxa4 {[%clk 0:00:11]} 39. Bg2 {[%clk 0:00:08]}  Nxc5+ {[%clk 0:00:10]} 40. bxc5 {[%clk 0:00:08]}  Bf6 {[%clk 0:00:09]} 41. Bxb7 {[%clk 0:00:08]}  a5 {[%clk 0:00:08]} 42. Ba6 {[%clk 0:00:08]}  Kc6 {[%clk 0:00:08]} 43. Kc4 {[%clk 0:00:08]}  Bh4 {[%clk 0:00:07]} 44. f3 {[%clk 0:00:08]}  Be1 {[%clk 0:00:07]} 45. Bb5+ {[%clk 0:00:08]}  Kc7 {[%clk 0:00:06]} 46. c6 {[%clk 0:00:06]}  f6 {[%clk 0:00:05]} 47. Kc5 {[%clk 0:00:06]}  e5 {[%clk 0:00:05]} 48. Bd3 {[%clk 0:00:06]}  Bb4+ {[%clk 0:00:05]} 49. Kb5 {[%clk 0:00:05]}  Bd2 {[%clk 0:00:04]} 50. Kc5 {[%clk 0:00:05]}  Bb4+ {[%clk 0:00:04]} 51. Kb5 {[%clk 0:00:05]}  Be1 {[%clk 0:00:05]} 52. Kc5 {[%clk 0:00:06]}  Bb4+ {[%clk 0:00:03]} 1/2-1/2